000 01764nam a22003135i 4500
001 158485
003 ES-MaACL
005 20230906211151.0
008 940301m18711872sp |||| | spa d
040 _aAS
_bspa
080 _a016:549
080 _a016:55
080 _a016:622
100 1 _aMaffei, Eugenio.
_9129333
245 1 0 _aApuntes para una biblioteca española de libros, folletos y artículos, impresos y manuscritos, relativos al conocimiento y explotación de las riquezas minerales y a las ciencias auxiliares
_b: comprenden la mineralogía y geología ... la hidrogeología, la química analítica, docimástica y metalúrgica, la legislación y estadística mineras ... concernientes a la península y a nuestras antiguas y actuales posesiones de ultramar : acompañados de reseñas biográficas y de un ligero resumen de la mayor parte de las obras que se citan, /
_cpor Eugenio Maffei, y Ramón Rúa Figueroa.
260 _aMadrid :
_b[s.n.],
_c1871-1872 (
_fImprenta de J.M. Lapuente)
300 _a2 v. (LXX, 529; 693 p.) ;
_c24 cm.
500 _aObra premiada en la Exposición nacional de Madrid de 1873 y en la internacional de Filadelfia de 1876.
530 _aDisponible también en sitio web.
594 _aTít. en antep.: "Bibliografía mineral hispano-americana"
597 _aAntep.
597 _aTexto a dos col.
650 4 _aMineralogía-
_vBibliografías.
_9149139
650 _aGeología-
_vBibliografías.
_9149140
650 4 _aMinería-
_vBibliografías.
_9149141
700 1 _aRua Figueroa, Ramón.
_9100263
852 _aES-MaACL
_jB-4369-70
_z-- Enc. pasta española
856 _uhttp://bibliotecadigitalhispanica.bne.es:80/webclient/DeliveryManager?pid=3084384&custom_att_2=simple_viewer
_zIr a la página
999 _c158485
_d158485